[Event "184th open MGU"]
[Site "Sofia"]
[Date "2017.04.01"]
[Round "1.2"]
[White "Vladov, Lyubomir"]
[Black "Metev, Martin"]
[Result "1-0"]
[WhiteElo "1720"]
[BlackElo "2010"]
[PlyCount "59"]
[EventDate "2017.04.01"]
[EventType "swiss"]
[EventRounds "6"]
[EventCountry "BUL"]

1. e4 e6 2. b3 d5 3. Bb2 dxe4 4. Nc3 f5 5. d3 exd3 6. Bxd3 Nf6 7. Qe2 Be7 8.
O-O-O Bd7 9. Nf3 Nc6 10. Bc4 Qc8 11. Rxd7 Qxd7 12. Bxe6 Qd6 13. Nb5 Qf4+ 14.
Kb1 Kf8 15. Re1 Bb4 16. g3 Qe4 17. Ng5 Qg4 18. Bc4 Qxg5 19. Nxc7 Qd2 20. Qxd2
Bxd2 21. Re2 Rc8 22. Ne6+ Ke7 23. Rxd2 Na5 24. Ba3+ Kf7 25. Nd8+ Kg6 26. Bf7+
Kh6 27. Ne6 Nc6 28. Rd4 Ne4 29. Bc1+ g5 30. Bxg5+ 1-0

[Event "184th open MGU"]
[Site "Sofia"]
[Date "2017.04.01"]
[Round "1.3"]
[White "Andreev, Dobrotich"]
[Black "Babatov, Martin"]
[Result "1/2-1/2"]
[WhiteElo "1986"]
[BlackElo "1709"]
[PlyCount "108"]
[EventDate "2017.04.01"]
[EventType "swiss"]
[EventRounds "6"]
[EventCountry "BUL"]

1. e4 c6 2. Nc3 d5 3. Nf3 dxe4 4. Nxe4 Bg4 5. Bc4 e6 6. d4 Be7 7. Be3 Nf6 8.
Neg5 Bxf3 9. Nxf3 Qc7 10. Qd2 Nbd7 11. Bf4 Bd6 12. Bxd6 Qxd6 13. O-O-O O-O-O
14. Qg5 Ne4 15. Qe3 Nef6 16. Bb3 Nd5 17. Qg5 Qf4+ 18. Rd2 Qxg5 19. Nxg5 Rdf8
20. Re1 N7f6 21. Nf3 h6 22. Ne5 Nd7 23. Nxd7 Kxd7 24. c4 Nf6 25. d5 cxd5 26.
cxd5 Rc8+ 27. Kb1 Nxd5 28. Bxd5 exd5 29. Rxd5+ Kc6 30. Rd3 Rhe8 31. Rc1+ Kb6
32. Rd6+ Rc6 33. Rd7 Rxc1+ 34. Kxc1 Rc8+ 35. Kd2 Rc7 36. Rd4 Kc6 37. Kd3 Rd7
38. f4 Rxd4+ 39. Kxd4 Kd6 40. g4 f6 41. f5 b6 42. Kc4 a6 43. Kd4 Kc6 44. Ke4
Kd6 45. h4 Kc5 46. g5 hxg5 47. hxg5 Kd6 48. gxf6 gxf6 49. Kd4 Kc6 50. a4 Kd6
51. b4 b5 52. a5 Kc6 53. Ke4 Kd6 54. Kd4 Kc6 1/2-1/2

[Event "184th open MGU"]
[Site "Sofia"]
[Date "2017.04.01"]
[Round "1.4"]
[White "Kostov, Nikolay"]
[Black "Gelemerov, Yane"]
[Result "0-1"]
[WhiteElo "1668"]
[BlackElo "1976"]
[PlyCount "58"]
[EventDate "2017.04.01"]
[EventType "swiss"]
[EventRounds "6"]
[EventCountry "BUL"]

1. Nf3 Nf6 2. g3 b5 3. a4 b4 4. d4 Bb7 5. Bg2 e6 6. O-O c5 7. dxc5 Bxc5 8. c4
bxc3 9. Nxc3 O-O 10. Qb3 Bc6 11. Qc4 Qb6 12. Bd2 d5 13. Qh4 Nbd7 14. Nd1 a5 15.
Be3 Bb7 16. Bxc5 Nxc5 17. Nd4 Ba6 18. Bf3 Nce4 19. Nc2 Nd2 20. Re1 Nxf3+ 21.
exf3 Rac8 22. Qd4 Qxd4 23. Nxd4 Rc4 24. Ne2 Rb8 25. Nec3 Kf8 26. Ra3 d4 27. Ne4
Nd5 28. f4 Rc1 29. h4 Rxb2 0-1

[Event "184th open MGU"]
[Site "Sofia"]
[Date "2017.04.01"]
[Round "1.7"]
[White "Kolev, Nikola Vl"]
[Black "Sapareva, Magdalena"]
[Result "1-0"]
[WhiteElo "1875"]
[BlackElo "1472"]
[PlyCount "66"]
[EventDate "2017.04.01"]
[EventType "swiss"]
[EventRounds "6"]
[EventCountry "BUL"]

1. Nf3 d5 2. d4 e6 3. c4 c6 4. Nc3 dxc4 5. a4 Bb4 6. Bd2 Ne7 7. e3 Bxc3 8. Bxc3
b5 9. axb5 cxb5 10. b3 Nd5 11. Ba5 Qe7 12. bxc4 bxc4 13. Bxc4 Nc6 14. O-O O-O
15. Qe2 Nxa5 16. Rxa5 Nb6 17. Bd3 Bb7 18. Rfa1 Bxf3 19. Qxf3 f5 20. Kh1 Nd5 21.
Bc4 Nb6 22. Bb3 Rfd8 23. Qxf5 Nd5 24. Qe4 Qf6 25. f4 Nc7 26. Rxa7 Rxa7 27. Rxa7
Nd5 28. g4 Kh8 29. g5 Qf5 30. Bxd5 Qg4 31. Qxe6 Qd1+ 32. Kg2 Rb8 33. Ra8 Qd2+
1-0

[Event "184th open MGU"]
[Site "Sofia"]
[Date "2017.04.01"]
[Round "1.8"]
[White "Hristov, Ivan"]
[Black "Timev, Anzhelo"]
[Result "0-1"]
[WhiteElo "1279"]
[BlackElo "1813"]
[PlyCount "54"]
[EventDate "2017.04.01"]
[EventType "swiss"]
[EventRounds "6"]
[EventCountry "BUL"]

1. e4 c6 2. Nc3 d5 3. exd5 cxd5 4. d4 Nc6 5. Nf3 Nf6 6. Bb5 a6 7. Be2 Bf5 8.
O-O e6 9. a3 Bd6 10. Re1 O-O 11. Nh4 Be4 12. Bg5 h6 13. Nxe4 dxe4 14. Bxf6 Qxf6
15. g3 Qxd4 16. Qxd4 Nxd4 17. c3 Nc2 18. Rac1 Nxe1 19. Rxe1 Be7 20. Ng2 Rfd8
21. Bc4 Rd2 22. Re2 Rad8 23. Nf4 Rxe2 24. Nxe2 b5 25. Bb3 Rd2 26. Nd4 Rxb2 27.
a4 Bc5 0-1

[Event "184th open MGU"]
[Site "Sofia"]
[Date "2017.04.01"]
[Round "2.1"]
[White "Gelemerov, Yane"]
[Black "Vladov, Lyubomir"]
[Result "1-0"]
[WhiteElo "1976"]
[BlackElo "1720"]
[PlyCount "205"]
[EventDate "2017.04.01"]
[EventType "swiss"]
[EventRounds "6"]
[EventCountry "BUL"]

1. e4 c5 2. Nc3 Nc6 3. f4 g6 4. Nf3 Bg7 5. Bb5 e6 6. Bxc6 bxc6 7. d3 Ne7 8. O-O
d5 9. Bd2 Ba6 10. e5 c4 11. d4 Rb8 12. Rb1 O-O 13. Rf2 Bb5 14. Ne2 a5 15. Qe1
Ra8 16. Ng3 Qb6 17. Ra1 a4 18. Bb4 Rfe8 19. c3 Bf8 20. a3 Ba6 21. Qe3 Nf5 22.
Nxf5 exf5 23. Re1 h6 24. h3 Bc8 25. Kh1 Bxb4 26. cxb4 Be6 27. Rg1 h5 28. g3 Kf8
29. Ng5 Ke7 30. Nh7 Rh8 31. Nf6 Rh6 32. Rd2 Rah8 33. Kg2 Qb5 34. Qc3 Ra8 35.
Rh1 Rah8 36. Kg1 Kd8 37. Rdh2 Ke7 38. Kf1 Kd8 39. Ke1 Kc7 40. Kd1 Kb6 41. Kc2
Qa6 42. Qd2 Kb5 43. Kc3 Qc8 44. Qe2 Kb6 45. Kd2 Qa6 46. Ke3 Qc8 47. Kf2 Qa6 48.
Kg1 Qc8 49. Qd2 Qa6 50. Qe1 Kb5 51. Kg2 Kb6 52. Qe2 Qc8 53. Qd2 Qa6 54. Kf2 Kb5
55. Ke1 Kb6 56. Kd1 Kb5 57. Kc2 Kb6 58. Kc3 Qc8 59. Qd1 Qa6 60. Qg1 Qc8 61. Kc2
Kb5 62. Kb1 Kb6 63. Ka2 Kb5 64. Qe1 Qa6 65. Qe2 Qc8 66. Qd2 Qa6 67. g4 hxg4 68.
hxg4 Rxh2 69. Rxh2 Rxh2 70. Qxh2 fxg4 71. Ne8 Kb6 72. Qh4 Qc8 73. Nd6 Qf8 74.
Kb1 Kc7 75. b5 cxb5 76. Nxb5+ Kd7 77. Qe1 Bf5+ 78. Ka2 Be4 79. Qa5 Qb8 80. Qxa4
Ke6 81. Qa6+ Kd7 82. a4 g3 83. Qf6 g2 84. Qxf7+ Kc6 85. Qf6+ Kb7 86. a5 g1=Q
87. Qb6+ Kc8 88. Nd6+ Qxd6 89. exd6 Qb1+ 90. Ka3 Qa1+ 91. Kb4 Qxb2+ 92. Kc5
Qa3+ 93. Kb5 Qb3+ 94. Ka6 Qxb6+ 95. axb6 Kd7 96. b7 Kxd6 97. b8=Q+ Ke6 98. Qe5+
Kf7 99. Kb5 Kg8 100. Qc7 Kf8 101. Kb6 Ke8 102. Kb7 Kf8 103. Kc8 1-0

[Event "184th open MGU"]
[Site "Sofia"]
[Date "2017.04.01"]
[Round "2.3"]
[White "Mladenov, Andrey"]
[Black "Kolev, Nikola Vl"]
[Result "0-1"]
[WhiteElo "1552"]
[BlackElo "1875"]
[PlyCount "34"]
[EventDate "2017.04.01"]
[EventType "swiss"]
[EventRounds "6"]
[EventCountry "BUL"]

1. e4 c5 2. Nf3 g6 3. d4 cxd4 4. Nxd4 Bg7 5. Nc3 Nc6 6. Be3 Nf6 7. Nxc6 bxc6 8.
e5 Ng8 9. f4 Nh6 10. Bd3 d6 11. exd6 exd6 12. O-O Ng4 13. Bd2 O-O 14. Na4 Bd4+
15. Kh1 Qh4 16. h3 Qg3 17. Nc3 Bb6 0-1

[Event "184th open MGU"]
[Site "Sofia"]
[Date "2017.04.01"]
[Round "2.4"]
[White "Babatov, Martin"]
[Black "Hristov, Hristo M"]
[Result "0-1"]
[WhiteElo "1709"]
[BlackElo "2134"]
[PlyCount "132"]
[EventDate "2017.04.01"]
[EventType "swiss"]
[EventRounds "6"]
[EventCountry "BUL"]

1. d4 g6 2. c4 Bg7 3. Nc3 d6 4. e4 Nc6 5. Be3 e5 6. d5 Nce7 7. h3 f5 8. f3 Nf6
9. Bd3 f4 10. Bf2 b6 11. Nge2 Nh5 12. b4 a5 13. b5 O-O 14. a4 Kh8 15. Qd2 Ng8
16. O-O-O Bd7 17. Kb1 Qe7 18. Nc1 Bf6 19. Bc2 Bh4 20. Bxh4 Qxh4 21. Nd3 Rae8
22. Nf2 Ng3 23. Rhg1 Nf6 24. Ne2 Nxe2 25. Qxe2 Nh5 26. Nh1 Rf6 27. Qf2 Ng3 28.
Nxg3 Qxg3 29. Qxg3 fxg3 30. Rdf1 Rf4 31. Bd3 Kg7 32. Be2 Ref8 33. Kc2 h5 34.
Kd3 g5 35. Ke3 Kg6 36. Bd3 Rh4 37. Rh1 Rff4 38. Be2 Kg7 39. Bd1 Kf6 40. Be2 Bc8
41. Bd3 Bd7 42. Be2 Kg6 43. Bd1 Bxh3 44. Rxh3 Rxh3 45. gxh3 Rh4 46. Rh1 g2 47.
Rg1 Rxh3 48. Rxg2 Rh1 49. Bc2 h4 50. Kf2 h3 51. Rg1 Rh2+ 52. Kg3 Rxc2 53. Kxh3
Kh5 54. Rh1 Rxc4 55. Kg3+ Kg6 56. Ra1 Rc3 57. Kg4 Kf6 58. Kg3 Ke7 59. Kg4 Kd7
60. Kxg5 Rxf3 61. Rc1 Kc8 62. Rc4 Rb3 63. Kf5 Rb4 64. Rc1 Rxa4 65. Rh1 Rb4 66.
Rh8+ Kb7 0-1

[Event "184th open MGU"]
[Site "Sofia"]
[Date "2017.04.01"]
[Round "2.5"]
[White "Ivanov, Svetlen"]
[Black "Andreev, Dobrotich"]
[Result "1/2-1/2"]
[WhiteElo "1783"]
[BlackElo "1986"]
[PlyCount "80"]
[EventDate "2017.04.01"]
[EventType "swiss"]
[EventRounds "6"]
[EventCountry "BUL"]

1. e4 c6 2. d4 d5 3. Nd2 dxe4 4. Nxe4 Bf5 5. Ng3 Bg6 6. Be3 e6 7. f4 Ne7 8. Bd3
Nd5 9. Qe2 Bxd3 10. Qxd3 Bd6 11. N1e2 Qc7 12. Rf1 Nd7 13. O-O-O Nxe3 14. Qxe3
O-O-O 15. Ne4 Be7 16. N2c3 Nf6 17. Nxf6 Bxf6 18. Ne4 Be7 19. g3 Rhe8 20. c3 f5
21. Nf2 Bf6 22. Nd3 Qe7 23. Rfe1 b6 24. Qf3 Kc7 25. Ne5 Bxe5 26. Rxe5 Qf7 27.
Rde1 Rd5 28. Rxd5 exd5 29. Re5 Kd6 30. Qe3 Re6 31. Rxe6+ Qxe6 32. Qe5+ Qxe5 33.
fxe5+ Ke6 34. Kd2 g5 35. Ke3 h6 36. h4 c5 37. b4 cxd4+ 38. cxd4 a5 39. bxa5
bxa5 40. a4 Ke7 1/2-1/2

[Event "184th open MGU"]
[Site "Sofia"]
[Date "2017.04.01"]
[Round "2.6"]
[White "Tzonev, Kirjl"]
[Black "Arshinkova, Boryana"]
[Result "1-0"]
[WhiteElo "1892"]
[BlackElo "1251"]
[PlyCount "115"]
[EventDate "2017.04.01"]
[EventType "swiss"]
[EventRounds "6"]
[EventCountry "BUL"]

1. e4 e5 2. Nf3 Nc6 3. Bc4 Bc5 4. d3 Nf6 5. O-O d6 6. h3 h6 7. c3 O-O 8. a4 Be6
9. Bxe6 fxe6 10. b4 Nxb4 11. cxb4 Bxb4 12. Qb3 Bc5 13. Qxe6+ Kh8 14. Ba3 Bxa3
15. Nxa3 Qe8 16. Qxe8 Raxe8 17. Nb5 c6 18. Nxd6 Re7 19. Nc4 Nd7 20. Rab1 b6 21.
a5 b5 22. Ne3 Re6 23. d4 a6 24. d5 Rd6 25. dxc6 Rxc6 26. Rfd1 Rf7 27. Rxd7 Rxd7
28. Nxe5 Rdc7 29. Nxc6 Rxc6 30. Kf1 Re6 31. Rb4 Kg8 32. Ke2 Kf7 33. f4 g6 34.
Kd3 Ke7 35. e5 Kd7 36. Nc2 Rc6 37. Nd4 Rc8 38. Ke4 Ke7 39. g4 Re8 40. f5 gxf5+
41. gxf5 Kf7 42. Nxb5 axb5 43. Rxb5 Ra8 44. Rb7+ Ke8 45. e6 Rxa5 46. f6 Ra4+
47. Kd5 Ra8 48. Rh7 Ra5+ 49. Kc4 Kd8 50. Rh8+ Kc7 51. f7 Kd6 52. f8=Q+ Kxe6 53.
Rxh6+ Ke5 54. Rh5+ Ke6 55. Rxa5 Kd7 56. Kd5 Kc7 57. Ra7+ Kb6 58. Qc5# 1-0

[Event "184th open MGU"]
[Site "Sofia"]
[Date "2017.04.01"]
[Round "2.8"]
[White "Sapareva, Magdalena"]
[Black "Kostov, Nikolay"]
[Result "0-1"]
[WhiteElo "1472"]
[BlackElo "1668"]
[PlyCount "52"]
[EventDate "2017.04.01"]
[EventType "swiss"]
[EventRounds "6"]
[EventCountry "BUL"]

1. b4 c6 2. a3 e5 3. Bb2 d6 4. d3 g6 5. e4 Bg7 6. Nf3 Be6 7. c4 a5 8. Be2 Nh6
9. O-O O-O 10. Nbd2 f5 11. d4 Nd7 12. exf5 Bxf5 13. dxe5 dxe5 14. Nb3 a4 15.
Nc5 Nxc5 16. bxc5 Re8 17. Qxd8 Raxd8 18. Nh4 Rd2 19. Nxf5 Nxf5 20. Bd1 Rxb2 21.
Bxa4 e4 22. Rab1 Rxb1 23. Rxb1 Re7 24. Bd1 Bd4 25. a4 e3 26. fxe3 Bxc5 0-1

[Event "184th open MGU"]
[Site "Sofia"]
[Date "2017.04.01"]
[Round "2.9"]
[White "Georgiev, Nikolay Zh"]
[Black "Hristov, Ivan"]
[Result "1-0"]
[WhiteElo "1574"]
[BlackElo "1279"]
[PlyCount "35"]
[EventDate "2017.04.01"]
[EventType "swiss"]
[EventRounds "6"]
[EventCountry "BUL"]

1. e4 c5 2. Nc3 Nc6 3. Bc4 e5 4. d3 Nf6 5. a3 Be7 6. Nge2 O-O 7. O-O h6 8. f4
b6 9. Ng3 d6 10. Nh5 Kh8 11. Nxf6 Bxf6 12. Bd5 Bb7 13. Qh5 Kg8 14. Rf3 Bh4 15.
Rh3 Be1 16. fxe5 dxe5 17. Bxh6 Bc8 18. Bxg7 1-0

[Event "184th open MGU"]
[Site "Sofia"]
[Date "2017.04.01"]
[Round "3.2"]
[White "Kolev, Nikola Vl"]
[Black "Tzonev, Kirjl"]
[Result "1/2-1/2"]
[WhiteElo "1875"]
[BlackElo "1892"]
[PlyCount "89"]
[EventDate "2017.04.01"]
[EventType "swiss"]
[EventRounds "6"]
[EventCountry "BUL"]

1. Nf3 d6 2. d4 Bg4 3. e4 Nd7 4. c4 e5 5. Be2 Ngf6 6. Nc3 Be7 7. Be3 O-O 8. O-O
c6 9. Rb1 Ne8 10. h3 Bxf3 11. Bxf3 Bg5 12. Re1 Bxe3 13. Rxe3 Nc7 14. Bg4 Ne6
15. Ne2 Qe7 16. d5 cxd5 17. cxd5 Nec5 18. b4 Na6 19. Rc3 g6 20. Ng3 Rac8 21.
Rbc1 Rxc3 22. Rxc3 Nb6 23. a3 Qg5 24. Qc1 Qxc1+ 25. Rxc1 h5 26. Be2 Rc8 27.
Rxc8+ Nxc8 28. Bxa6 bxa6 29. Nf1 Nb6 30. Ne3 Kf8 31. g4 hxg4 32. hxg4 Ke7 33.
Kf1 Kf6 34. Ke2 Kg5 35. Kf3 Kf6 36. Kg3 Ke7 37. Kh4 Na4 38. Nc4 Nc3 39. f3 Nb5
40. Kg3 g5 41. Kf2 f6 42. Ke3 Kd7 43. Kd3 Nd4 44. Ke3 Nb5 45. Kd3 1/2-1/2

[Event "184th open MGU"]
[Site "Sofia"]
[Date "2017.04.01"]
[Round "3.4"]
[White "Andreev, Dobrotich"]
[Black "Georgiev, Nikolay Zh"]
[Result "1-0"]
[WhiteElo "1986"]
[BlackElo "1574"]
[PlyCount "45"]
[EventDate "2017.04.01"]
[EventType "swiss"]
[EventRounds "6"]
[EventCountry "BUL"]

1. e4 e5 2. Nf3 Nc6 3. d4 Qf6 4. Bg5 Qg6 5. dxe5 Nxe5 6. Nxe5 Qxg5 7. Nf3 Qa5+
8. Nbd2 Be7 9. Bd3 d6 10. O-O Nf6 11. e5 dxe5 12. Nc4 Qc5 13. Ncxe5 Be6 14. Re1
O-O 15. c3 Ng4 16. Qc2 h6 17. b4 Qd6 18. Rad1 Qb6 19. Nxg4 Bxg4 20. Rxe7 Bxf3
21. gxf3 Rfe8 22. Rxe8+ Rxe8 23. Be4 1-0

[Event "184th open MGU"]
[Site "Sofia"]
[Date "2017.04.01"]
[Round "3.5"]
[White "Vladov, Lyubomir"]
[Black "Timev, Anzhelo"]
[Result "1-0"]
[WhiteElo "1720"]
[BlackElo "1813"]
[PlyCount "107"]
[EventDate "2017.04.01"]
[EventType "swiss"]
[EventRounds "6"]
[EventCountry "BUL"]

1. e4 c6 2. b3 d5 3. Bb2 dxe4 4. Nc3 Nf6 5. Nge2 Bg4 6. h3 Bh5 7. g4 Bg6 8. Bg2
e6 9. Ng3 Nbd7 10. Qe2 Qc7 11. Bxe4 Bxe4 12. Ngxe4 Be7 13. O-O-O Qf4 14. Qe3
Qxe3 15. dxe3 O-O-O 16. Nxf6 Nxf6 17. Rxd8+ Rxd8 18. Rd1 Nd7 19. Ne4 f6 20. f4
Kc7 21. c4 Re8 22. Kd2 Bb4+ 23. Ke2 e5 24. f5 h6 25. a3 Bf8 26. Rd3 a5 27. a4
Nb8 28. Bc3 b6 29. c5 Na6 30. cxb6+ Kxb6 31. Rd7 Re7 32. Rxe7 Bxe7 33. Kd3 Nc7
34. Ng3 Nd5 35. Bd2 Bf8 36. Nh5 Nc7 37. Kc4 Ne8 38. e4 Nd6+ 39. Kd3 Nb7 40.
Be3+ c5 41. Bd2 Nd8 42. Kc4 Nf7 43. Kd5 Nd8 44. Be3 Nc6 45. Ke6 Nd4+ 46. Kf7
Bd6 47. Kxg7 Nxb3 48. Nxf6 Nd4 49. Nd5+ Kc6 50. Kxh6 c4 51. g5 Bb4 52. g6 Bf8+
53. g7 Bxg7+ 54. Kxg7 1-0

[Event "184th open MGU"]
[Site "Sofia"]
[Date "2017.04.01"]
[Round "3.7"]
[White "Babatov, Martin"]
[Black "Mladenov, Andrey"]
[Result "1-0"]
[WhiteElo "1709"]
[BlackElo "1552"]
[PlyCount "45"]
[EventDate "2017.04.01"]
[EventType "swiss"]
[EventRounds "6"]
[EventCountry "BUL"]

1. d4 d5 2. Bf4 Nf6 3. e3 c6 4. Nf3 e6 5. Bd3 Nbd7 6. O-O Be7 7. h3 O-O 8. a4
b6 9. c4 dxc4 10. Bxc4 Bb7 11. Nc3 Nd5 12. Nxd5 cxd5 13. Bd3 a5 14. Rc1 Rc8 15.
Rxc8 Qxc8 16. Qb1 g6 17. Rc1 Qa8 18. Rc7 Rd8 19. Bb5 Bc8 20. Qc2 Bf8 21. Qd3
Bg7 22. Bc6 Ba6 23. Qd2 1-0

[Event "184th open MGU"]
[Site "Sofia"]
[Date "2017.04.02"]
[Round "4.2"]
[White "Gelemerov, Yane"]
[Black "Kolev, Nikola Vl"]
[Result "1/2-1/2"]
[WhiteElo "1976"]
[BlackElo "1875"]
[PlyCount "114"]
[EventDate "2017.04.01"]
[EventType "swiss"]
[EventRounds "6"]
[EventCountry "BUL"]

1. e4 c5 2. Nc3 g6 3. d4 cxd4 4. Qxd4 Nf6 5. e5 Nc6 6. Qf4 Nh5 7. Qe3 d6 8.
exd6 Qxd6 9. Bd2 Bg7 10. Nf3 O-O 11. Bc4 e5 12. O-O-O Be6 13. Ne4 Qe7 14. Bxe6
Qxe6 15. Kb1 Nf4 16. g3 Nd5 17. Qb3 Rfd8 18. Rhe1 a5 19. a4 Ncb4 20. Bc1 Qf5
21. Nh4 Qe6 22. Ng5 Qc6 23. c3 Na6 24. Be3 h6 25. Ne4 Nxe3 26. Rxe3 Nc5 27.
Nxc5 Qxc5 28. Rxd8+ Rxd8 29. Rf3 Qd5 30. Qxd5 Rxd5 31. Kc2 e4 32. Re3 Re5 33.
Ng2 Bf8 34. h4 Bc5 35. Re2 Rf5 36. Nf4 g5 37. hxg5 hxg5 38. Nh3 f6 39. Rxe4
Bxf2 40. g4 Rf3 41. Nxf2 Rxf2+ 42. Kc1 Kf7 43. b4 f5 44. gxf5 Rxf5 45. bxa5
Rxa5 46. Rb4 Ke6 47. Kd2 Kf5 48. Ke3 g4 49. Kf2 Rc5 50. Rxb7 Rxc3 51. a5 Ra3
52. Rf7+ Kg6 53. Ra7 Kf5 54. Ra8 Kf4 55. Rf8+ Ke4 56. Ra8 Kf4 57. Rf8+ Ke4
1/2-1/2

[Event "184th open MGU"]
[Site "Sofia"]
[Date "2017.04.02"]
[Round "4.3"]
[White "Tzonev, Kirjl"]
[Black "Andreev, Dobrotich"]
[Result "0-1"]
[WhiteElo "1892"]
[BlackElo "1986"]
[PlyCount "46"]
[EventDate "2017.04.01"]
[EventType "swiss"]
[EventRounds "6"]
[EventCountry "BUL"]

1. e4 c6 2. d4 d5 3. e5 Bf5 4. h4 h6 5. g4 Bd7 6. h5 e6 7. Bd3 c5 8. c3 Nc6 9.
Ne2 Qb6 10. Bc2 cxd4 11. cxd4 Nb4 12. Nbc3 Nxc2+ 13. Qxc2 Rc8 14. Qb3 Qa6 15.
Be3 Ne7 16. O-O Nc6 17. Nf4 Na5 18. Qc2 Nc4 19. Rac1 Be7 20. Ng2 b5 21. Qe2 b4
22. b3 bxc3 23. Rxc3 Qa5 0-1

[Event "184th open MGU"]
[Site "Sofia"]
[Date "2017.04.02"]
[Round "4.4"]
[White "Ivanov, Svetlen"]
[Black "Vladov, Lyubomir"]
[Result "0-1"]
[WhiteElo "1783"]
[BlackElo "1720"]
[PlyCount "84"]
[EventDate "2017.04.01"]
[EventType "swiss"]
[EventRounds "6"]
[EventCountry "BUL"]

1. e4 c5 2. Nf3 a6 3. d4 cxd4 4. Nxd4 Nf6 5. Nc3 e5 6. Nb3 Bb4 7. Bg5 h6 8.
Bxf6 Bxc3+ 9. bxc3 Qxf6 10. Bd3 O-O 11. O-O b6 12. a4 Bb7 13. a5 b5 14. Nd2 d5
15. exd5 Bxd5 16. c4 bxc4 17. Nxc4 Bxc4 18. Bxc4 Rd8 19. Qe2 Nc6 20. c3 Ne7 21.
Rfd1 Ng6 22. g3 Qc6 23. Rxd8+ Rxd8 24. Bxa6 Qxc3 25. Rd1 Rxd1+ 26. Qxd1 Qxa5
27. Bd3 Qd8 28. Bc2 Qxd1+ 29. Bxd1 f5 30. Bc2 Ne7 31. f3 Kf7 32. Kf2 Ke6 33. g4
fxg4 34. fxg4 Nd5 35. Kf3 Nf6 36. h4 g5 37. hxg5 hxg5 38. Bb3+ Kd6 39. Bd1 e4+
40. Ke3 Ke5 41. Be2 Nd5+ 42. Kf2 Kf4 0-1

[Event "184th open MGU"]
[Site "Sofia"]
[Date "2017.04.02"]
[Round "4.7"]
[White "Metev, Martin"]
[Black "Kostov, Nikolay"]
[Result "1/2-1/2"]
[WhiteElo "2010"]
[BlackElo "1668"]
[PlyCount "47"]
[EventDate "2017.04.01"]
[EventType "swiss"]
[EventRounds "6"]
[EventCountry "BUL"]

1. e4 e5 2. Nf3 Nc6 3. Bb5 Nf6 4. O-O d6 5. Bxc6+ bxc6 6. d4 Bg4 7. dxe5 Bxf3
8. gxf3 dxe5 9. Qxd8+ Rxd8 10. Be3 a6 11. Nd2 Bd6 12. Rfd1 g5 13. Nf1 Rg8 14.
Ng3 g4 15. fxg4 Nxg4 16. Rd3 h5 17. h4 Nxe3 18. Rxe3 Rg4 19. Rc3 Kd7 20. Rd1
Rxh4 21. Rf3 Ke6 22. Rc3 Kd7 23. Rf3 Ke6 24. Rc3 1/2-1/2

[Event "184th open MGU"]
[Site "Sofia"]
[Date "2017.04.02"]
[Round "4.8"]
[White "Mladenov, Andrey"]
[Black "Punchev, Ivan"]
[Result "1-0"]
[WhiteElo "1552"]
[BlackElo "1708"]
[PlyCount "71"]
[EventDate "2017.04.01"]
[EventType "swiss"]
[EventRounds "6"]
[EventCountry "BUL"]

1. e4 e5 2. Nf3 f5 3. Nc3 d6 4. d4 fxe4 5. Nxe4 d5 6. Nc3 e4 7. Ne5 Bf5 8. Be2
Bd6 9. O-O Bxe5 10. dxe5 d4 11. Nb5 Nc6 12. Bf4 a6 13. Na3 Qe7 14. Qd2 h6 15.
Nc4 O-O-O 16. a4 g5 17. Bg3 h5 18. h3 h4 19. Bh2 Nh6 20. Rfb1 g4 21. Bf4 e3 22.
fxe3 dxe3 23. Qxe3 Rhg8 24. Bxh6 gxh3 25. Bf3 Nd4 26. Nd6+ Rxd6 27. exd6 Qxd6
28. Bf4 Qc5 29. Kh1 Nxf3 30. gxf3 Qxc2 31. Qd2 Qb3 32. Rf1 Qb6 33. Rac1 Rg7 34.
Rxc7+ Rxc7 35. Bxc7 Qxc7 36. Rc1 1-0

[Event "184th open MGU"]
[Site "Sofia"]
[Date "2017.04.02"]
[Round "4.9"]
[White "Georgiev, Nikolay Zh"]
[Black "Sapareva, Magdalena"]
[Result "0-1"]
[WhiteElo "1574"]
[BlackElo "1472"]
[PlyCount "70"]
[EventDate "2017.04.01"]
[EventType "swiss"]
[EventRounds "6"]
[EventCountry "BUL"]

1. e4 d6 2. Nc3 Nf6 3. Bc4 e5 4. d3 h6 5. Nge2 a6 6. a3 Nc6 7. Ng3 Nd4 8. O-O
Be7 9. Nd5 Nxd5 10. Bxd5 O-O 11. c3 Ne6 12. Nf5 Ng5 13. h4 c6 14. Ba2 Bxf5 15.
hxg5 Bg6 16. gxh6 d5 17. Qg4 Qc8 18. Qg3 gxh6 19. Bxh6 Re8 20. exd5 Qf5 21.
dxc6 bxc6 22. Rad1 Rad8 23. Rfe1 Bf6 24. Bc1 Rxd3 25. Rxd3 Qxd3 26. Qxd3 Bxd3
27. f3 Be7 28. Bb3 Bc5+ 29. Be3 Bxe3+ 30. Rxe3 Bg6 31. Bc4 a5 32. Kf2 Kg7 33.
b4 axb4 34. axb4 f5 35. Bd3 f4 0-1

[Event "184th open MGU"]
[Site "Sofia"]
[Date "2017.04.02"]
[Round "5.1"]
[White "Hristov, Hristo M"]
[Black "Gelemerov, Yane"]
[Result "1-0"]
[WhiteElo "2134"]
[BlackElo "1976"]
[PlyCount "53"]
[EventDate "2017.04.01"]
[EventType "swiss"]
[EventRounds "6"]
[EventCountry "BUL"]

1. e4 e5 2. Nf3 Nc6 3. Nc3 Bb4 4. d4 exd4 5. Nxd4 Bxc3+ 6. bxc3 d6 7. Nxc6 bxc6
8. Bd3 Ne7 9. O-O O-O 10. Be3 Be6 11. c4 c5 12. f4 f6 13. e5 fxe5 14. fxe5
Rxf1+ 15. Qxf1 Qd7 16. exd6 cxd6 17. Re1 Bf5 18. Bg5 Bxd3 19. Qxd3 Re8 20. Qe4
Kf7 21. Qxh7 Qg4 22. Rf1+ Ke6 23. Qxg7 Kd7 24. Re1 Kc6 25. Qf7 Rg8 26. Rxe7
Qxg5 27. Rc7+ 1-0

[Event "184th open MGU"]
[Site "Sofia"]
[Date "2017.04.02"]
[Round "5.2"]
[White "Andreev, Dobrotich"]
[Black "Kolev, Nikola Vl"]
[Result "0-1"]
[WhiteElo "1986"]
[BlackElo "1875"]
[PlyCount "66"]
[EventDate "2017.04.01"]
[EventType "swiss"]
[EventRounds "6"]
[EventCountry "BUL"]

1. e4 c5 2. Nf3 g6 3. d4 cxd4 4. Qxd4 Nf6 5. Bb5 a6 6. e5 axb5 7. exf6 e6 8.
O-O Nc6 9. Qf4 Ra4 10. Qg5 b4 11. b3 Ra5 12. Qh4 Rh5 13. Qf4 Bh6 14. Qc4 Qxf6
15. Bxh6 Rxh6 16. Nbd2 d5 17. Qc5 g5 18. Rfe1 Kd7 19. Rad1 g4 20. Ne4 Qe7 21.
Rxd5+ exd5 22. Qxd5+ Kc7 23. Neg5 Be6 24. Qd2 gxf3 25. Ne4 Rh4 26. g3 Rd8 27.
Qe3 Rxe4 28. Qxe4 Qf6 29. Qxh7 Bf5 30. Qh5 Bg6 31. Qh6 Rh8 32. Qe3 Qf5 33. h4
Rxh4 0-1

[Event "184th open MGU"]
[Site "Sofia"]
[Date "2017.04.02"]
[Round "5.6"]
[White "Kostov, Nikolay"]
[Black "Timev, Anzhelo"]
[Result "1/2-1/2"]
[WhiteElo "1668"]
[BlackElo "1813"]
[PlyCount "89"]
[EventDate "2017.04.01"]
[EventType "swiss"]
[EventRounds "6"]
[EventCountry "BUL"]

1. d4 d5 2. e3 Nf6 3. Bd3 c6 4. f4 Bg4 5. Nf3 e6 6. O-O Nbd7 7. c3 Ne4 8. Qc2
Bxf3 9. gxf3 Nd6 10. e4 g6 11. b4 Qh4 12. Qg2 h5 13. Qf2 Qxf2+ 14. Rxf2 Be7 15.
a4 Nb6 16. a5 Nd7 17. Re2 a6 18. Na3 Nb5 19. Bb2 Nxa3 20. Bxa3 Nf6 21. f5 Kd7
22. c4 gxf5 23. exf5 dxc4 24. fxe6+ fxe6 25. Bxc4 Nd5 26. Bxd5 Rhg8+ 27. Kh1
exd5 28. b5 Bxa3 29. bxc6+ bxc6 30. Rxa3 Rab8 31. Ra1 Rb3 32. Rae1 Rg7 33. Re8
Rxf3 34. Ra8 Kd6 35. Rxa6 Rd3 36. Rc1 Rc7 37. Ra8 Rxd4 38. Rh8 Rc4 39. Ra1 Ra7
40. Rxh5 Kc5 41. Rh8 d4 42. Rd8 Rc2 43. a6 Rh7 44. a7 Rhxh2+ 45. Kg1 1/2-1/2